Responses for show #5360 - Friday, December 21, 2007

Cora Peck game 3.

Contestants

Jeffrey Coogan, a freelance web designer from Staten Island, New York

Megan Maxwell, a paralegal from Lawrenceville, New Jersey

Cora Peck, a teacher and graduate student from Aliso Viejo, California (whose 2-day cash winnings total $57,201)

Jeopardy! Round responses

ON OUR USO TOUR
ROLLING STONE
(Alex: Because 2007 marks 40 years of the magazine.)
NOT TO BE CONFUSED
LIVRES EN FRANÇAIS
LAST NAME'S THE SAME
(Alex: But we're gonna need the first names also.)
WELCOME "BACK"
    $200 15
(Jeffrey: What is cargo?)

a carrier

CoraJeffrey
    $200 1
Nirvana

Megan
    $200 26
rum

Cora
    $200 6
Men Are from Mars, Women Are from Venus

Jeffrey
    $200 21
Andrew & Randy Jackson

Cora
    $200 16
a backfire

Megan
    $400 11
a Sentry

Jeffrey
    $400 2
Jakob Dylan

Megan
    $400 27
a scalpel

Cora
    $400 7
Interview with the Vampire (Interview with a Vampire accepted)

Jeffrey
    $400 22
Franklin & Benjamin Franklin Pierce

Cora
    $400 17
go back in the water

Jeffrey
    $600 12
(Jeffrey: What is the Warthog?)

the Sea Hawk

Jeffrey
Triple Stumper
    $600 3
Paul McCartney

Megan
    $600 28
5

Cora
    $600 8
The Valley of the Dolls

Jeffrey
    $600 23
James & Billy Madison

Cora
    $600 18
the back 9

Cora
    $800 13
(Megan: What is a naval air field?)

a naval air facility

Megan
Triple Stumper
    $800 4
Sacha Baron Cohen

Megan
    $800 29
a conundrum

Megan
    $800 9
Angela's Ashes

Megan
    $800 24
Bill & George Clinton

Cora
    $800 19
backbone

Cora
    $1,500 14
(Alex: Jeffrey?)
{Jeffrey: [Shakes head])
(Alex: You're not into Navy planes? The F/A-18 [*].)

the hornet

Jeffrey
    $1000 5
(Alex: Interesting that you got that one!)

Shakira

Jeffrey
    $1000 30
a fish

Triple Stumper
    $1000 10
Diamonds Are Forever

Jeffrey
    $1000 25
[Applause for Cora's run of the category]

Warren & Tonya Harding

Cora
    $1000 20
backdraft

Jeffrey

Scores at the first commercial break (after clue 14):

Cora Megan Jeffrey
$0 $2,000 $1,500

Scores at the end of the Jeopardy! Round:

Cora Megan Jeffrey
$5,800 $3,000 $2,700

Double Jeopardy! Round responses

THE 1000s
OLD MOVIE QUOTES
(Alex: You identify the film.)
FOR THE BIRDS
BRIT "B"ITS
CARPOOL TUNNEL SYNDROME
FROM A TO E
(Alex: Each correct response will begin with the letter "A" and end with the letter "E".)
    $400 1
Pisa

Cora
    $400 2
Casablanca

Megan
    $400 16
a pelican

Cora
    $400 7
Tony Blair

Cora
    $400 21
California

Megan
    $400 26
the Apache

Cora
    $800 12
(Cora: What is Britain?)
(Megan: What is Sardinia?)
...
(Alex: [*]--Messina--yes.)

Sicily

CoraMeganJeffrey
    $800 3
Spartacus

Cora
    $800 17
robins

Megan
    $800 8
Beefeaters

Cora
    $800 22
Seattle

Jeffrey
    $800 27
adrenaline

Megan
    $1200 13
4

Megan
    $1200 4
Dr. Strangelove

Cora
    $1200 18
(Megan: What is the yellow-bellied... woodpecker?)
(Alex: No. Cora?)
(Cora: What is [*]?)
(Alex: That's the bird.)
[Megan's response was ruled acceptable before the 2nd Daily Double.]

the yellow-bellied sapsucker

CoraMegan
    $1200 9
the Bayeux Tapestry

Cora
    $1200 23
the Lincoln Tunnel

Cora
    $1200 28
Alsace

Megan
    $1600 14
Orléans

Megan
    $3,000 5
(Cora: What is Double "Indemdity"? Double "Indemdity"?)
(Alex: Cora, I'm afraid we're gonna have to rule against you. The movie was [*]--not "-dity".)

Double Indemnity

Cora
    $1600 19
a bird of paradise

Megan
    $1600 10
the Bank of England

Megan
    $2,000 24
(Cora: What is Toronto?)
(Alex: Oh, no--[*], right across from Detroit.)

Windsor, Ontario

Cora
    $1600 29
Alive

Cora
    $2000 15
(Megan: What is Chartres?)
(Alex: No. Cora or Jeffrey? You were on the right track. What is [*]? Not the city of Chartres.)

Chartreuse

Megan
Triple Stumper
    $2000 6
Arsenic and Old Lace

Megan
    $2000 20
an osprey

Megan
    $2000 11
Bosworth

Cora
    $2000 25
the Monongahela

Megan
    $2000 30
(Megan: What is adipocere?)
(Alex: Say it again.)
(Megan: Adipocere.)
(Alex: N-no.)
(Megan: A-D-I-P-O-C-E-R.)
(Alex: No.)
...
(Alex: It's [*]. [*] tissue.)
(Megan: Ah, [*].)

adipose

Megan
Triple Stumper

Scores at the end of the Double Jeopardy! Round:

Cora Megan Jeffrey
$11,600 $15,000 $4,300

[wagering suggestions for these scores]

Final Jeopardy! Round responses

POETS
(Alex: That's a line from a very famous American poem, and let's see if any of our players were able to come up with the author.)
...
(Alex: [To Jeffrey] Who is [*], from a "Song of Myself". You are correct.)
JeffreyWho is Walt Whitman?
$4,300
CoraWho is Whitman?
$10,000
MeganWho was Walt Whitman?
$4,003
Walt Whitman

Final scores:

Cora Megan Jeffrey
$21,600 $19,003 $8,600
3-day champion: $78,801 2nd place: $2,000 3rd place: $1,000

Game dynamics:

Coryat scores:

Cora Megan Jeffrey
$16,600 $15,000 $5,800
23 R,
3 W
(including 2 DDs)
20 R,
4 W
10 R,
3 W
(including 1 DD)

Combined Coryat: $37,400

The J! Archive is created by fans, for fans. The Jeopardy! game show and all elements thereof, including but not limited to copyright and trademark thereto, are the property of Jeopardy Productions, Inc. and are protected under law. This website is not affiliated with, sponsored by, or operated by Jeopardy Productions, Inc. Join the discussion at JBoard.tv.